000 01040nam a2200229Ia 4500
001 325-BIO di (14014)
003 IT-MiSPE
008 171229s9999||||xx |||||||||||||| ||und||
040 _aIT-MiSPE
_cIT-MiSPE
041 _aITALIANO
100 _aFrancesco Compagnoni
245 0 _aBioetica, diritti umani e multietnicità
_bI. Immigrazione e sistema sanitario nazionale
250 _a1a ed. (v)
260 _aCinisello B.mo
_bSan Paolo
_c2001
300 _a398 p.
_c21 cm
490 _aCultura religiosa
_v42
501 _aEdizioni San Paolo srl - Piazza Soncino, 5 - 20092 CINISELLO BALSAMO (MI) (non commercial uses only) ® Copyright 2018
700 _aFrancesco D'Agostino
942 _cBK
957 _71
999 _a391
_bNO
_g Copie: 1
_c350656
_d350656